000 00301nam a22001337a 4500
008 170728b xxu||||| |||| 00| 0 eng d
020 _a9780534520854
041 _aeng
080 _a004
100 _a32
101 _aSHK
245 _aSOCIETY, ETHICS AND TECHNOLOGY
_cWINSTON,M.E
942 _2udc
_cBK
999 _c22135
_d22135